Evermore - Taylor Swift All Songs - Statistics

General Stats
  • This quiz has been taken 272 times
  • The average score is 15 of 17
Answer Stats
Track Number Answer % Correct
1 Willow
97%
2 Champagne Problems
96%
15 Evermore
91%
16 - Bonus Track Right Where You Left Me
90%
13 Marjorie
89%
6 No Body, No Crime
89%
10 Ivy
88%
8 Dorothea
85%
3 Gold Rush
85%
9 Coney Island
83%
4 'Tis the Damn Season
83%
5 Tolerate It
83%
17 - Bonus Track It's Time To Go
82%
7 Happiness
81%
11 Cowboy Like Me
80%
14 Closure
75%
12 Long Story Short
75%
No matching quizzes found
Score Distribution
Percent of People with Each Score
Percentile by Number Answered
Your Score History
You have not taken this quiz